Analýza finančnej situácie podnikov Slovenskej republiky

Porovnanie finančnej analýzy vybraných podnikov (209) na základe dotazníka (obsahoval údaje z výkazov účtovnej závierky), ktorý pripravil riešiteľský kolektív grantovej výskumnej úlohy "Problémy finančného rozhodovania podniku", z EU v Bratislave. Metódy spracovania údajov. Výsledky riešenia. Celkov...

Full description

Saved in:
Bibliographic Details
Main Author: Zalai, Karol
Format: Book Chapter
Language:Slovak
Subjects:
Tags: Add Tag
No Tags, Be the first to tag this record!

MARC

LEADER 00000naa a2200000 4500
001 r019815
005 20221213095451.3
041 0 |a slo 
044 |a SK 
245 1 0 |a Analýza finančnej situácie podnikov Slovenskej republiky  |c Karol Zalai 
520 |a Porovnanie finančnej analýzy vybraných podnikov (209) na základe dotazníka (obsahoval údaje z výkazov účtovnej závierky), ktorý pripravil riešiteľský kolektív grantovej výskumnej úlohy "Problémy finančného rozhodovania podniku", z EU v Bratislave. Metódy spracovania údajov. Výsledky riešenia. Celkové zhodnotenie výsledkov analýzy. 
610 2 0 |a analýza finančná 
610 2 0 |a dotazníky 
610 2 0 |a granty 
610 2 0 |a úlohy výskumné 
610 2 0 |a Ekonomická univerzita v Bratislave 
610 2 0 |a 1993 
610 2 0 |a podnik 
610 2 0 |a Slovensko 
610 2 0 |a rentabilita podniku 
610 2 0 |a akcie 
610 2 0 |a trh kapitálový 
610 2 0 |a ukazovatele finančné 
610 2 0 |a porovnanie medzipodnikové 
100 1 |a Zalai, Karol